[Event "International Tournament "]
[Site "Paracin, Hotel "]
[Date "2017.07.14"]
[Round "9.16"]
[White "Maksimovic, Bojan"]
[Black "Atakisi, Umut"]
[Result "1/2-1/2"]
[WhiteElo "2312"]
[BlackElo "2373"]
[PlyCount "59"]
[EventDate "2017.07.07"]

1. e4 c5 2. Nf3 Nc6 3. d4 cxd4 4. Nxd4 g6 5. c4 Nf6 6. Nc3 Nxd4 7. Qxd4 d6 8.
Be2 Bg7 9. Be3 O-O 10. Qd2 a5 11. O-O a4 12. f3 Qa5 13. Rfc1 Be6 14. Rab1 Rfc8
15. b4 axb3 16. axb3 Qb4 17. Na4 Qxd2 18. Bxd2 Nd7 19. Be3 f5 20. Bd3 Rc6 21.
Kf2 Nc5 22. Nxc5 dxc5 23. exf5 gxf5 24. f4 Rd6 25. Be2 Bd4 26. Rd1 Rad8 27. Bf3
h6 28. Bxd4 Rxd4 29. Rxd4 Rxd4 30. Ke3 1/2-1/2

[Event "International Tournament "]
[Site "Paracin, Hotel "]
[Date "2017.07.14"]
[Round "9.17"]
[White "Tan, Justin"]
[Black "Matovic, Mihajlo Z"]
[Result "1/2-1/2"]
[WhiteElo "2462"]
[BlackElo "2266"]
[Annotator "Natasa"]
[PlyCount "87"]
[EventDate "2017.07.07"]

1. e4 c5 2. Nf3 d6 3. Bb5+ Nd7 4. d4 cxd4 5. Qxd4 Ngf6 6. O-O a6 7. Bxd7+ Bxd7
8. Bg5 Rc8 9. Nc3 h6 10. Bxf6 gxf6 11. Nd5 Bg7 12. c4 O-O 13. Qd3 b5 14. b3 e6
15. Ne3 bxc4 16. bxc4 f5 17. exf5 Bxa1 18. Rxa1 exf5 19. Qd4 Be6 20. Rd1 Kh7
21. h3 Rg8 22. Qf4 Rg6 23. Nh4 Rg5 24. Kh2 Rc5 25. g3 Qc7 26. Rd4 Ra5 27. Rd2
Rc5 28. Qd4 Rg8 29. Qd3 Qa5 30. g4 Kh8 31. Nhxf5 Bxf5 32. gxf5 Re5 33. Qxd6 Kh7
34. Ng4 Rxg4 35. hxg4 Re4 36. Qd5 Qc7+ 37. Kh3 Qxc4 38. Qxc4 Rxc4 39. Rd3 Rc2
40. Ra3 Re2 41. Kg3 Kh8 42. Rxa6 h5 43. Kh4 hxg4 44. Kxg4 {unreadable} 1/2-1/2

[Event "International Tournament "]
[Site "Paracin, Hotel "]
[Date "2017.07.14"]
[Round "9.18"]
[White "Cvetkovic, Nemanja"]
[Black "Zajic, Milan"]
[Result "0-1"]
[WhiteElo "2244"]
[BlackElo "2513"]
[PlyCount "116"]
[EventDate "2017.07.07"]

1. d4 Nf6 2. c4 e6 3. Nf3 b6 4. g3 Ba6 5. Qc2 Bb7 6. Bg2 c5 7. d5 exd5 8. cxd5
Nxd5 9. O-O Be7 10. Qe4 Bc6 11. Ne5 Nf6 12. Nxc6 Nxc6 13. Qa4 O-O 14. Rd1 Qc8
15. Nc3 a6 16. Qc2 d5 17. Nxd5 Nxd5 18. Bxd5 Nb4 19. Qb3 Nxd5 20. Rxd5 Qc6 21.
Bf4 c4 22. Qf3 Bf6 23. Be5 Bxe5 24. Rxe5 Qxf3 25. exf3 Rfe8 26. Re4 b5 27. b3
c3 28. b4 Rxe4 29. fxe4 a5 30. bxa5 Rxa5 31. Rc1 b4 32. Rc2 g6 33. Kf1 Rxa2 34.
Rxa2 b3 35. Ra8+ Kg7 36. Kg2 c2 37. Rc8 b2 38. Rxc2 b1=Q 39. Re2 g5 40. h3 Kf6
41. e5+ Kf5 42. Re3 Qb7+ 43. Kh2 Qd5 44. Kg1 h5 45. Kh2 h4 46. gxh4 gxh4 47.
Kg1 Kf4 48. Kf1 Qc6 49. Ke2 Qh1 50. Rd3 Kxe5 51. Re3+ Kf4 52. Rd3 Qe4+ 53. Re3
Qc4+ 54. Ke1 Qc1+ 55. Ke2 Qxe3+ 56. fxe3+ Kg3 57. e4 Kxh3 58. Kf3 f6 0-1

[Event "International Tournament "]
[Site "Paracin, Hotel "]
[Date "2017.07.14"]
[Round "9.19"]
[White "Kovacevic, Aleksandar"]
[Black "Can, Isik"]
[Result "0-1"]
[WhiteElo "2507"]
[BlackElo "2287"]
[PlyCount "54"]
[EventDate "2017.07.07"]

1. c4 c6 2. e4 d5 3. exd5 cxd5 4. cxd5 Nf6 5. Nc3 Nxd5 6. Nf3 Nc6 7. Bb5 g6 8.
Qa4 Nb6 9. Bxc6+ bxc6 10. Qxc6+ Bd7 11. Qe4 Bg7 12. O-O O-O 13. d4 Rc8 14. Qh4
Bc6 15. Ne5 Bf6 16. Bg5 Bxg5 17. Qxg5 Ba8 18. Qh4 f6 19. Nd3 e5 20. Rfd1 Rc4
21. Ne2 Rc2 22. Nc3 exd4 23. Nb4 Rxb2 24. Rxd4 Qc7 25. Nd1 Re2 26. Ne3 Qc3 27.
Rf1 Qxe3 0-1

[Event "International Tournament "]
[Site "Paracin, Hotel "]
[Date "2017.07.14"]
[Round "9.20"]
[White "Vucinic, Gojko"]
[Black "Emiroglu, Cankut"]
[Result "1/2-1/2"]
[WhiteElo "2415"]
[BlackElo "2277"]
[Annotator "Natasa"]
[PlyCount "24"]
[EventDate "2017.07.07"]

1. e4 c6 2. d4 d5 3. e5 Bf5 4. h4 Qb6 5. a4 Bd7 6. a5 Qc7 7. b4 Qc8 8. Nd2 h6
9. Nb3 Bf5 10. h5 e6 11. c3 Nd7 12. g4 Bh7 {unreadable} 1/2-1/2

[Event "International Tournament "]
[Site "Paracin, Hotel "]
[Date "2017.07.14"]
[Round "9.21"]
[White "Brankovic, Dejan"]
[Black "Milosevic, Milos"]
[Result "1/2-1/2"]
[WhiteElo "2377"]
[BlackElo "2263"]
[PlyCount "33"]
[EventDate "2017.07.07"]

1. Nf3 Nf6 2. g3 b6 3. Bg2 Bb7 4. O-O g6 5. d3 Bg7 6. e4 d6 7. Re1 O-O 8. c3 e5
9. Nbd2 Re8 10. a4 d5 11. exd5 Nxd5 12. d4 exd4 13. Rxe8+ Qxe8 14. Nxd4 Nd7 15.
Nf1 Ne5 16. a5 Rd8 17. axb6 1/2-1/2

[Event "International Tournament "]
[Site "Paracin, Hotel "]
[Date "2017.07.14"]
[Round "9.22"]
[White "Ivic, Velimir"]
[Black "Lazov, Toni"]
[Result "1-0"]
[WhiteElo "2375"]
[BlackElo "2279"]
[PlyCount "60"]
[EventDate "2017.07.07"]

1. e4 c5 2. Nc3 a6 3. g3 Nc6 4. Bg2 g6 5. d3 Bg7 6. Nge2 d6 7. h3 e6 8. Be3
Nge7 9. Qd2 Nd4 10. f4 Rb8 11. O-O b5 12. Rae1 O-O 13. g4 b4 14. Nd1 Nxe2+ 15.
Rxe2 f5 16. Bf2 Qc7 17. Bh4 Nc6 18. c3 bxc3 19. bxc3 Bd7 20. Ne3 Qa5 21. Rc1
Rbe8 22. gxf5 exf5 23. Nd5 c4 24. dxc4 fxe4 25. Rce1 Bf5 26. Kh2 Qc5 27. Bxe4
Qxc4 28. Nf6+ Kh8 29. Nxe8 Bxc3 30. Qxd6 Rxe8 1-0

[Event "International Tournament "]
[Site "Paracin, Hotel "]
[Date "2017.07.14"]
[Round "9.23"]
[White "Ozenir, Ekin Baris"]
[Black "Dimitrov, Vladimir"]
[Result "1/2-1/2"]
[WhiteElo "2098"]
[BlackElo "2359"]
[PlyCount "42"]
[EventDate "2017.07.07"]

1. d4 e6 2. c4 Nf6 3. Nc3 Bb4 4. e3 O-O 5. Bd3 d5 6. Nge2 dxc4 7. Bxc4 c5 8. a3
Bxc3+ 9. bxc3 Qc7 10. Bd3 e5 11. O-O Nc6 12. Bb2 Re8 13. Rc1 e4 14. Bc4 Na5 15.
Ba2 c4 16. Ng3 b5 17. Qe2 Nb7 18. a4 a6 19. Ba3 Nd6 20. Rb1 Nf5 21. Nxf5 Bxf5
1/2-1/2

[Event "International Tournament "]
[Site "Paracin, Hotel "]
[Date "2017.07.14"]
[Round "9.24"]
[White "Chekletsov, Ilya"]
[Black "Radovic, Luka"]
[Result "1-0"]
[WhiteElo "2350"]
[BlackElo "2264"]
[PlyCount "45"]
[EventDate "2017.07.07"]

1. d4 Nf6 2. c4 e6 3. g3 d5 4. Nf3 Be7 5. Bg2 O-O 6. Qc2 Nbd7 7. O-O c6 8. Nbd2
c5 9. cxd5 exd5 10. dxc5 Nxc5 11. Nb3 Nce4 12. Be3 Bf5 13. Nbd4 Rc8 14. Qd1 Bd7
15. Ne5 Bc5 16. f3 Nd6 17. Nd3 Bb6 18. Bf2 Qe7 19. Re1 Rfe8 20. Rc1 Nc4 21. e3
Qd6 22. b3 Nxe3 23. Rxe3 1-0

[Event "International Tournament "]
[Site "Paracin, Hotel "]
[Date "2017.07.14"]
[Round "9.25"]
[White "Jocev, Milan"]
[Black "Marjanovic, Annamaria"]
[Result "1/2-1/2"]
[WhiteElo "2185"]
[BlackElo "2331"]
[PlyCount "54"]
[EventDate "2017.07.07"]

1. d4 d5 2. Nf3 Nf6 3. c4 c6 4. Nc3 dxc4 5. a4 Bf5 6. Nh4 e6 7. Nxf5 exf5 8. e3
Bb4 9. Bxc4 O-O 10. O-O Nbd7 11. Qb3 Qb6 12. Na2 Bd6 13. Qc2 g6 14. Nc3 Rac8
15. b3 Qc7 16. h3 a6 17. e4 fxe4 18. Nxe4 Nxe4 19. Qxe4 b5 20. Bd3 Rfe8 21. Qf3
Bf8 22. axb5 axb5 23. Be3 Bg7 24. Rac1 Qd6 25. Rfd1 Nf6 26. Rc5 Qe6 27. Bg5 h6
1/2-1/2

[Event "International Tournament "]
[Site "Paracin, Hotel "]
[Date "2017.07.14"]
[Round "9.26"]
[White "Franklin, Samuel G A"]
[Black "Taylor, Adam C"]
[Result "1-0"]
[WhiteElo "2312"]
[BlackElo "2265"]
[PlyCount "119"]
[EventDate "2017.07.07"]

1. e4 e5 2. Nf3 Nc6 3. Bb5 Nf6 4. O-O Nxe4 5. Re1 Nd6 6. Nxe5 Nxe5 7. Rxe5+ Be7
8. Bf1 O-O 9. d4 Bf6 10. Re2 b6 11. Re1 Bg5 12. Nc3 Bb7 13. Qg4 Bxc1 14. Raxc1
f5 15. Qf4 Qf6 16. Nb5 Nxb5 17. Bxb5 d6 18. Bc4+ Kh8 19. Re6 Qf7 20. Bb3 Qh5
21. Rce1 Rae8 22. h4 Bc6 23. f3 Bd7 24. Re7 Qg6 25. R1e3 Rd8 26. c3 h6 27. Kf2
a5 28. a3 Kh7 29. Re1 Qf6 30. Bc4 Qg6 31. Bb3 Qf6 32. Ba2 c5 33. Bb1 Rde8 34.
Rxe8 Bxe8 35. dxc5 dxc5 36. Qxf5+ Qxf5 37. Bxf5+ Rxf5 38. Rxe8 Rd5 39. g4 c4
40. h5 Rb5 41. Re2 Kg8 42. f4 Rd5 43. Kf3 Rd3+ 44. Ke4 Kf7 45. Kf5 b5 46. Re5
b4 47. cxb4 axb4 48. axb4 Rb3 49. b5 Rxb2 50. Rc5 Rd2 51. b6 Rb2 52. Rc7+ Kg8
53. b7 Kh7 54. Ke4 c3 55. Kd3 c2 56. Kd2 c1=Q+ 57. Kxc1 Rg2 58. Rc2 Rxg4 59.
b8=Q Rg1+ 60. Kb2 1-0

[Event "International Tournament "]
[Site "Paracin, Hotel "]
[Date "2017.07.14"]
[Round "9.27"]
[White "Pecurica, Milos"]
[Black "Haria, Ravi"]
[Result "0-1"]
[WhiteElo "2255"]
[BlackElo "2417"]
[PlyCount "58"]
[EventDate "2017.07.07"]

1. d4 e6 2. c4 b6 3. Nc3 Bb4 4. Qc2 Bb7 5. Nf3 f5 6. a3 Bxc3+ 7. Qxc3 Nf6 8. e3
O-O 9. Be2 d6 10. b4 Ne4 11. Qc2 Nd7 12. O-O Rf6 13. d5 exd5 14. cxd5 Bxd5 15.
Bc4 Bxc4 16. Qxc4+ Kh8 17. Bb2 Rf8 18. Nd4 Ne5 19. Qd5 Qd7 20. Rac1 Rae8 21.
Rfd1 c5 22. Nb3 Ng4 23. bxc5 Nexf2 24. Rd2 Qe7 25. Re2 dxc5 26. h3 Nf6 27. Qf3
Nd3 28. Rc3 c4 29. Bc1 f4 0-1

[Event "International Tournament "]
[Site "Paracin, Hotel "]
[Date "2017.07.14"]
[Round "9.28"]
[White "Uzumcu, Ahmet Utku"]
[Black "Djordjevic, Vuk"]
[Result "1-0"]
[WhiteElo "2223"]
[BlackElo "2377"]
[PlyCount "61"]
[EventDate "2017.07.07"]

1. e4 e6 2. d4 d5 3. Nd2 Nc6 4. Ngf3 Nf6 5. e5 Nd7 6. Be2 f6 7. exf6 Qxf6 8.
Nf1 Bd6 9. Ne3 O-O 10. O-O Qg6 11. c4 Nf6 12. c5 Be7 13. g3 b6 14. cxb6 axb6
15. Ng2 Ne4 16. Bf4 Bd6 17. Bb5 Ne7 18. Ne5 Bxe5 19. Bxe5 Qf7 20. Nf4 Nf5 21.
Qc1 Ned6 22. Bd3 Nc4 23. Bxf5 Qxf5 24. Re1 Rf7 25. b3 Nd6 26. Bxd6 cxd6 27. Qc6
Bb7 28. Qxd6 Re8 29. Re5 Qg4 30. h3 Qf3 31. Re3 1-0

[Event "International Tournament "]
[Site "Paracin, Hotel "]
[Date "2017.07.14"]
[Round "9.29"]
[White "Tanriverdi, Enes"]
[Black "Pantelic, Sasa"]
[Result "0-1"]
[WhiteElo "2203"]
[BlackElo "2358"]
[PlyCount "74"]
[EventDate "2017.07.07"]

1. d4 d5 2. c4 c5 3. cxd5 Qxd5 4. Nf3 cxd4 5. Nc3 Qa5 6. Nxd4 Nf6 7. Nb3 Qc7 8.
e4 e6 9. a3 a6 10. Bd3 Be7 11. O-O O-O 12. Be3 Rd8 13. Qe2 Ng4 14. Qxg4 Rxd3
15. Qe2 Rd8 16. Rac1 Nc6 17. Na4 Qe5 18. Nb6 Rb8 19. Nc5 Nd4 20. Bxd4 Qxd4 21.
Rfd1 Bxc5 22. Rxd4 Bxd4 23. Nxc8 Rbxc8 24. Rxc8 Rxc8 25. Qd2 g6 26. g3 e5 27.
b4 Rc3 28. Qa2 Rf3 29. Qd5 Rxf2 30. Qxb7 Ra2+ 31. Kf1 Rxa3 32. Ke2 Kg7 33. Qc6
Rb3 34. Qxa6 Rxb4 35. Kf3 Rb2 36. h4 h5 37. g4 Rb3+ 0-1

[Event "International Tournament "]
[Site "Paracin, Hotel "]
[Date "2017.07.14"]
[Round "9.30"]
[White "Stathopoulos, Ioannis"]
[Black "Zarkovic, Mila"]
[Result "1/2-1/2"]
[WhiteElo "2343"]
[BlackElo "2255"]
[PlyCount "60"]
[EventDate "2017.07.07"]

1. d4 Nf6 2. c4 e6 3. Nf3 Bb4+ 4. Nbd2 b6 5. a3 Bxd2+ 6. Qxd2 Bb7 7. e3 a5 8.
b3 O-O 9. Be2 d6 10. Bb2 Nbd7 11. O-O Ne4 12. Qc2 f5 13. d5 exd5 14. Nd4 Qe7
15. cxd5 Bxd5 16. Bc4 Bxc4 17. Qxc4+ Kh8 18. Qxc7 Nec5 19. Qc6 Ne5 20. Qd5 Ncd3
21. Nxf5 Qf6 22. Bxe5 Qxf5 23. e4 Qxe5 24. Qxd3 Rac8 25. Rad1 Rc3 26. Qxd6 Qxd6
27. Rxd6 Rxb3 28. a4 Kg8 29. Rfd1 Rb4 30. f3 Rb8 1/2-1/2

[Event "International Tournament "]
[Site "Paracin, Hotel "]
[Date "2017.07.14"]
[Round "9.31"]
[White "Tica, Sven"]
[Black "Jovanovic, Bojan P"]
[Result "1-0"]
[WhiteElo "2333"]
[BlackElo "2233"]
[PlyCount "65"]
[EventDate "2017.07.07"]

1. d4 g6 2. c4 Bg7 3. Nf3 d6 4. e4 Bg4 5. Be2 Nc6 6. Nbd2 e5 7. d5 Bxf3 8. Nxf3
Nd4 9. Be3 Nxe2 10. Qxe2 b6 11. O-O a5 12. Ne1 Qh4 13. f3 f5 14. exf5 gxf5 15.
Qc2 Ne7 16. Qa4+ Kf7 17. Nc2 f4 18. Bf2 Qg5 19. Qd7 Rac8 20. Qe6+ Ke8 21. Rae1
Rd8 22. Na3 Rg8 23. Nb5 Rd7 24. g4 fxg3 25. Bxg3 Kd8 26. Re4 Rf8 27. Rg4 Qh6
28. Bh4 Rf4 29. Qg8+ Bf8 30. Bg5 Qg7 31. Qxg7 Rxg4+ 32. fxg4 Bxg7 33. Rf7 1-0

[Event "International Tournament "]
[Site "Paracin, Hotel "]
[Date "2017.07.14"]
[Round "9.32"]
[White "Burovic, Rijad"]
[Black "Budimir, Boris"]
[Result "1/2-1/2"]
[WhiteElo "2316"]
[BlackElo "2233"]
[PlyCount "67"]
[EventDate "2017.07.07"]

1. e4 c5 2. d3 d6 3. f4 Nc6 4. Nf3 g6 5. g3 Bg7 6. Bg2 e6 7. O-O Nge7 8. c3 b6
9. Be3 O-O 10. Na3 Ba6 11. Nc2 d5 12. e5 Rc8 13. Bf2 Qc7 14. Re1 Rfd8 15. h4 h5
16. Qe2 Nf5 17. Bh3 Nce7 18. Ne3 Nxe3 19. Bxe3 d4 20. cxd4 Nd5 21. Bf2 Nb4 22.
Red1 cxd4 23. Nxd4 Rxd4 24. Bxd4 Nc2 25. Bc3 Nxa1 26. Rxa1 Rd8 27. Rd1 Qc5+ 28.
Kh2 Qd5 29. a3 Bf8 30. Bg2 Qb3 31. Be4 Bc4 32. Rc1 Bd5 33. Bxd5 Rxd5 34. d4
1/2-1/2

[Event "International Tournament "]
[Site "Paracin, Hotel "]
[Date "2017.07.14"]
[Round "9.33"]
[White "Budisavljevic, Luka"]
[Black "Radovic, Janko"]
[Result "0-1"]
[WhiteElo "2196"]
[BlackElo "2306"]
[PlyCount "53"]
[EventDate "2017.07.07"]

1. d4 Nf6 2. c4 c5 3. d5 e5 4. Nc3 d6 5. e4 Be7 6. Be2 O-O 7. Nf3 Nbd7 8. O-O
a6 9. a4 b6 10. Be3 Ne8 11. Qd2 g6 12. Ne1 f5 13. Bh6 Ng7 14. f4 exf4 15. exf5
gxf5 16. Bxf4 Ne5 17. g3 Bf6 18. Ng2 Ra7 19. Rae1 Re7 20. Ne3 Ng6 21. Bh6 f4
22. Bxf4 Nxf4 23. Rxf4 Bd4 24. Rxf8+ Qxf8 25. Bd3 Qf3 26. Ncd1 Bg4 27. Be2 0-1

[Event "International Tournament "]
[Site "Paracin, Hotel "]
[Date "2017.07.14"]
[Round "9.34"]
[White "Rajkovic, Mladen"]
[Black "Yordanov, Lachezar"]
[Result "1/2-1/2"]
[WhiteElo "2305"]
[BlackElo "2246"]
[PlyCount "73"]
[EventDate "2017.07.07"]

1. e4 c6 2. Nc3 d5 3. Nf3 Bg4 4. h3 Bxf3 5. Qxf3 e6 6. g3 Nf6 7. Bg2 dxe4 8.
Nxe4 Nxe4 9. Qxe4 Qd5 10. Qxd5 exd5 11. b4 a6 12. a4 Nd7 13. O-O f6 14. Rb1 Kd8
15. d3 Bd6 16. c4 dxc4 17. dxc4 a5 18. b5 Kc7 19. Rd1 Bb4 20. Be3 Rad8 21. Bf3
g6 22. h4 Rhe8 23. Kg2 Ne5 24. Be2 b6 25. Rbc1 Ba3 26. Rb1 Bb4 27. g4 Rxd1 28.
Rxd1 Bc5 29. Bxc5 bxc5 30. f4 Nd7 31. Bf3 cxb5 32. cxb5 Nb6 33. g5 fxg5 34.
hxg5 Re7 35. Bc6 c4 36. Kf3 c3 37. Be4 1/2-1/2

[Event "International Tournament "]
[Site "Paracin, Hotel "]
[Date "2017.07.14"]
[Round "9.35"]
[White "Marholev, Dimitar"]
[Black "Banzea, Alexandru-Bogdan"]
[Result "0-1"]
[WhiteElo "2177"]
[BlackElo "2300"]
[Annotator "Natasa"]
[PlyCount "26"]
[EventDate "2017.07.07"]

1. d4 Nf6 2. c4 e6 3. Nc3 d5 4. Nf3 a6 5. cxd5 exd5 6. Bg5 Be6 7. e3 Nbd7 8.
Bd3 Bd6 9. Qc2 c6 10. O-O-O h6 11. Bh4 Qa5 12. Bg3 Bb4 13. a3 Be7 {unreadable}
0-1

[Event "International Tournament "]
[Site "Paracin, Hotel "]
[Date "2017.07.14"]
[Round "9.36"]
[White "Injac, Teodora"]
[Black "Dimitrijevic, Nenad"]
[Result "1/2-1/2"]
[WhiteElo "2290"]
[BlackElo "2201"]
[PlyCount "87"]
[EventDate "2017.07.07"]

1. Nf3 Nf6 2. g3 d5 3. Bg2 Bg4 4. O-O e6 5. d3 Be7 6. h3 Bh5 7. g4 Bg6 8. Nh4
c6 9. Nd2 Qc7 10. e3 Nfd7 11. Nxg6 hxg6 12. c4 Na6 13. d4 Nb4 14. a3 Nd3 15.
Qe2 Nxc1 16. Raxc1 dxc4 17. Nxc4 O-O 18. b4 Rad8 19. Rfd1 g5 20. Nb2 Qb8 21.
Nd3 e5 22. d5 cxd5 23. Bxd5 Nf6 24. Bg2 e4 25. Nc5 Bxc5 26. Rxc5 Rxd1+ 27. Qxd1
Rd8 28. Qc2 b6 29. Rxg5 Rd3 30. Bf1 Rd8 31. Rf5 Rc8 32. Qb2 Qd6 33. Kg2 Qd1 34.
g5 Rc2 35. Qe5 Rc1 36. Qb5 Ng4 37. Qe2 Nxe3+ 38. Qxe3 Qxf1+ 39. Kg3 Re1 40. Qf4
Qd3+ 41. Kh4 Rh1 42. Qg4 e3 43. fxe3 Qxe3 44. Qf3 1/2-1/2

[Event "International Tournament "]
[Site "Paracin, Hotel "]
[Date "2017.07.14"]
[Round "9.37"]
[White "Gajcin, Marina"]
[Black "Ersahin, Bulent"]
[Result "0-1"]
[WhiteElo "2282"]
[BlackElo "2145"]
[PlyCount "74"]
[EventDate "2017.07.07"]

1. e4 c5 2. Nf3 d6 3. d4 cxd4 4. Nxd4 Nf6 5. Nc3 a6 6. Bg5 e6 7. f4 Be7 8. Qf3
Qc7 9. O-O-O Nbd7 10. Be2 O-O 11. g4 b5 12. a3 Bb7 13. Kb1 Rac8 14. h4 Qb6 15.
Rh3 Nc5 16. Qe3 Rfe8 17. Bxf6 Bxf6 18. e5 dxe5 19. fxe5 Be7 20. g5 b4 21. axb4
Qxb4 22. h5 Rb8 23. b3 Bf8 24. g6 fxg6 25. hxg6 h6 26. Qf2 Re7 27. Bc4 Ne4 28.
Nxe4 Bxe4 29. Bxe6+ Kh8 30. Rf1 Rc7 31. Rh4 Bxg6 32. Rfh1 Qc5 33. Qg2 Bh7 34.
R1h2 Qxe5 35. Nc6 Qxe6 36. Nxb8 Qxb3+ 37. Kc1 Qxb8 0-1

[Event "International Tournament "]
[Site "Paracin, Hotel "]
[Date "2017.07.14"]
[Round "9.38"]
[White "Paradzik, Berislav"]
[Black "Zegarac, Vuk"]
[Result "1/2-1/2"]
[WhiteElo "2066"]
[BlackElo "2276"]
[PlyCount "48"]
[EventDate "2017.07.07"]

1. c4 c6 2. Nf3 d5 3. cxd5 cxd5 4. d4 Nf6 5. Nc3 Nc6 6. Bf4 e6 7. e3 a6 8. Bd3
Bd6 9. Bg3 b5 10. a3 Bb7 11. Qe2 O-O 12. O-O Re8 13. Rad1 Bxg3 14. hxg3 e5 15.
Nxe5 Nxe5 16. dxe5 Rxe5 17. Bb1 Qe7 18. Rd4 Bc6 19. Rfd1 Qb7 20. b4 Re7 21. Ba2
Rd7 22. R1d2 Rad8 23. Qf3 h6 24. Qf5 Qa8 1/2-1/2

[Event "International Tournament "]
[Site "Paracin, Hotel "]
[Date "2017.07.14"]
[Round "9.39"]
[White "Cvetanovic, Uros"]
[Black "Jevtic, Sreten"]
[Result "1/2-1/2"]
[WhiteElo "2266"]
[BlackElo "2196"]
[PlyCount "49"]
[EventDate "2017.07.07"]

1. g3 Nf6 2. Bg2 d5 3. Nf3 c6 4. O-O Bf5 5. d3 h6 6. Nfd2 e5 7. e4 dxe4 8. dxe4
Be6 9. h3 g5 10. Qe2 Nbd7 11. Nc4 Qc7 12. a4 Bg7 13. b3 O-O 14. Ba3 Bxc4 15.
Qxc4 Rfe8 16. Nc3 Rac8 17. Nd1 Nf8 18. Ne3 Ne6 19. Nf5 Rcd8 20. c3 Kh7 21. h4
g4 22. Bc1 Qd7 23. Re1 Qd3 24. Bf1 Qxc4 25. Bxc4 1/2-1/2

[Event "International Tournament "]
[Site "Paracin, Hotel "]
[Date "2017.07.14"]
[Round "9.40"]
[White "Tarlabasi, Emirhan"]
[Black "Eric, Jovana"]
[Result "1/2-1/2"]
[WhiteElo "2046"]
[BlackElo "2262"]
[PlyCount "29"]
[EventDate "2017.07.07"]

1. d4 Nf6 2. c4 c5 3. d5 e6 4. Nc3 exd5 5. cxd5 d6 6. e4 g6 7. f4 Bg7 8. Bb5+
Nbd7 9. Bd3 O-O 10. Nf3 a6 11. a4 Qc7 12. O-O c4 13. Bc2 Nc5 14. h3 Re8 15. Re1
1/2-1/2

[Event "International Tournament "]
[Site "Paracin, Hotel "]
[Date "2017.07.14"]
[Round "9.41"]
[White "Popovic, Aleksandar M"]
[Black "Krasteva, Beloslava"]
[Result "1/2-1/2"]
[WhiteElo "2255"]
[BlackElo "1933"]
[PlyCount "41"]
[EventDate "2017.07.07"]

1. Nf3 c5 2. g3 g6 3. Bg2 Bg7 4. O-O Nc6 5. c3 e5 6. Na3 Nge7 7. Rb1 a5 8. Nb5
d5 9. d3 O-O 10. e4 d4 11. c4 h6 12. b3 Be6 13. Ne1 Qd7 14. a3 Nc8 15. f4 N8e7
16. Nf3 Rae8 17. fxe5 Bg4 18. Rb2 Bxf3 19. Bxf3 Nxe5 20. Bg2 N7c6 21. h3
1/2-1/2

[Event "International Tournament "]
[Site "Paracin, Hotel "]
[Date "2017.07.14"]
[Round "9.42"]
[White "Mihevc, Ivo"]
[Black "Trifunovic, Miroljub"]
[Result "0-1"]
[WhiteElo "2101"]
[BlackElo "2269"]
[PlyCount "66"]
[EventDate "2017.07.07"]

1. e4 e5 2. Nf3 Nc6 3. Nc3 Nf6 4. a3 a6 5. d4 exd4 6. Nxd4 d6 7. Bf4 Be7 8. Qd2
O-O 9. O-O-O Nxd4 10. Qxd4 Be6 11. f3 b5 12. Nd5 Nxd5 13. exd5 Bf6 14. Qd2 Bd7
15. g4 g6 16. Bd3 a5 17. h4 b4 18. Bg5 bxa3 19. bxa3 Rb8 20. Qf4 Bb2+ 21. Kd2
f6 22. Bh6 Rf7 23. Rb1 Bxa3 24. c3 Bc5 25. Bc2 Rxb1 26. Rxb1 Re7 27. Re1 Rxe1
28. Kxe1 Qe7+ 29. Kd1 Qe5 30. Qd2 Qg3 31. Qe2 Qxh4 32. Qe7 Qh1+ 33. Ke2 Bb5+
0-1

[Event "International Tournament "]
[Site "Paracin, Hotel "]
[Date "2017.07.14"]
[Round "9.43"]
[White "Bozbey, Ali"]
[Black "Kisic, Bozidar"]
[Result "1-0"]
[WhiteElo "2139"]
[BlackElo "2224"]
[PlyCount "75"]
[EventDate "2017.07.07"]

1. e4 g6 2. d4 Bg7 3. Nc3 d6 4. Be3 a6 5. Qd2 b5 6. f3 Nd7 7. g4 Bb7 8. h4 h6
9. O-O-O Rc8 10. Nh3 b4 11. Na4 c5 12. dxc5 Qa5 13. b3 Nxc5 14. Bxc5 Rxc5 15.
Kb1 Rc7 16. Qf4 Nf6 17. g5 Nh5 18. Qh2 Bc6 19. Nb2 Bb5 20. Rd5 Qa3 21. e5 O-O
22. gxh6 Bxh6 23. Bc4 Bg7 24. f4 Bc6 25. Rhd1 Bxd5 26. Rxd5 Rfc8 27. Ng5 Rxc4
28. Nxc4 Rxc4 29. bxc4 Qe3 30. Qd2 Qg1+ 31. Qd1 Qe3 32. Qf3 Qxf3 33. Nxf3 Nxf4
34. exd6 exd6 35. Rxd6 Ne2 36. Rxa6 Nc3+ 37. Kc1 Bh6+ 38. Kb2 1-0

[Event "International Tournament "]
[Site "Paracin, Hotel "]
[Date "2017.07.14"]
[Round "9.44"]
[White "Lazic, Ljubisa"]
[Black "Gundogan, Sinem Cagla"]
[Result "0-1"]
[WhiteElo "2217"]
[BlackElo "2000"]
[PlyCount "38"]
[EventDate "2017.07.07"]

1. d4 d5 2. Nf3 Nf6 3. Bf4 c5 4. c3 Nc6 5. e3 Qb6 6. Qb3 c4 7. Qc2 Bf5 8. Qc1
h6 9. h3 e6 10. Nbd2 Qd8 11. Be2 Be7 12. O-O O-O 13. b3 b5 14. a4 a6 15. Qb2
Qd7 16. Ra2 Rac8 17. Rfa1 cxb3 18. Qxb3 b4 19. a5 bxc3 0-1

[Event "International Tournament "]
[Site "Paracin, Hotel "]
[Date "2017.07.14"]
[Round "9.46"]
[White "Jovanovic, Sasa T"]
[Black "Vassilev, Martin"]
[Result "1/2-1/2"]
[WhiteElo "2193"]
[BlackElo "2040"]
[PlyCount "43"]
[EventDate "2017.07.07"]

1. Nf3 Nf6 2. b3 g6 3. Bb2 d5 4. g3 Bg7 5. Bg2 O-O 6. O-O Nbd7 7. c4 e6 8. Qc2
c5 9. cxd5 exd5 10. d4 b6 11. dxc5 bxc5 12. Rd1 Bb7 13. e3 Rc8 14. Nc3 Qa5 15.
Ne2 d4 16. exd4 cxd4 17. Qd2 Qxd2 18. Nxd2 d3 19. Nf4 Ba6 20. Nc4 Bxc4 21. bxc4
Rxc4 22. Rxd3 1/2-1/2

[Event "International Tournament "]
[Site "Paracin, Hotel "]
[Date "2017.07.14"]
[Round "9.47"]
[White "Karaahmetoglu, Ege"]
[Black "Svicevic, Rastko"]
[Result "0-1"]
[WhiteElo "2034"]
[BlackElo "2189"]
[PlyCount "116"]
[EventDate "2017.07.07"]

1. e4 c5 2. Nf3 g6 3. c3 Bg7 4. d4 cxd4 5. cxd4 d5 6. e5 Bg4 7. Be2 Nc6 8. Nc3
e6 9. Nb5 Bf8 10. O-O Qb6 11. Qb3 O-O-O 12. Be3 Kb8 13. Rfc1 Nh6 14. Nd6 Qxb3
15. axb3 Bxd6 16. Bxh6 Bxf3 17. Bxf3 Bc7 18. Be3 Bb6 19. Ra4 Rc8 20. Rc3 Rc7
21. g4 Rhc8 22. Kg2 Na5 23. Rxc7 Bxc7 24. Bd2 Nc6 25. Be2 a6 26. Bc3 Bb6 27. f4
Ba7 28. Kg3 Kc7 29. Bd3 Rb8 30. h3 b5 31. Rxa6 b4 32. Bd2 Bxd4 33. Ra2 h6 34.
h4 g5 35. h5 gxf4+ 36. Bxf4 Bxe5 37. Ra7+ Rb7 38. Rxb7+ Kxb7 39. Bxe5 Nxe5 40.
Bh7 Kc7 41. Kf4 f6 42. Bc2 Kd6 43. Bh7 Nc6 44. Bc2 Nd4 45. Bd1 e5+ 46. Ke3 Kd7
47. Kd3 Ke7 48. Ke3 Kd6 49. Kd3 Ne6 50. Ke3 e4 51. Be2 Ke5 52. Ba6 d4+ 53. Kd2
Nc5 54. Bc4 e3+ 55. Ke2 Ke4 56. Ke1 d3 57. g5 fxg5 58. Kd1 g4 0-1